| 000 | 01304cad a22002175a 4500 | ||
|---|---|---|---|
| 001 | L155892 | ||
| 008 | 120419s2012 xxk f 000 0 eng d | ||
| 020 | _a9781409824298 | ||
| 035 | _a(Sirsi) u155892 | ||
| 041 | 0 | _aeng | |
| 110 | 2 |
_aUnited Kingdom _bDepartment for Communities and Local Government _94939 |
|
| 245 | 0 | 0 |
_aChanges to the Energy Performance of Buildings Framework _bPolicy update 4 opening up access to National Energy Performance Certificate register _h[electronic resource] |
| 260 |
_aLondon _cDCLG _b2012 |
||
| 520 | _aFrom 22 April 2012 Energy Performance Certificates which must be lodged on the National Energy Performance Certificate Register will be publically available. Individuals will be able to look up EPCs free of charge whilst authorised organisaitons will have access to EPCS for a charge for the purpose of marketing purposes for the Green Deal which is due to be introduced later in 2012. Individuals will have the right to opt out of having their EPCs publically available. | ||
| 590 | _aKA | ||
| 651 | 4 | _aENGLAND AND WALES | |
| 690 |
_aResidential property _96266 |
||
| 690 |
_aSustainability _96271 |
||
| 856 | 4 | 0 |
_uhttps://www.communities.gov.uk/documents/planningandbuilding/pdf/2116850.pdf _zView the item free of charge at www.communities.gov.uk |
| 942 | _n0 | ||
| 999 |
_c113901 _d113901 |
||